000 00407 a2200121 4500
001 ART_10952
005 20260410161624.0
008 260409a
245 1 0 _aContabilización de las subvenciones Una cuestión no considerada en las normas contables argentinas
100 1 _aRondi, Gustavo R.
700 1 _aCasal, María del Carmen
773 0 _tEnfoques
_g- Nº 12 (dic. 2012)
_wREV416
999 _c11863
_d11863